书目信息 |
| 题名: |
智能空间 信息时代的建筑
|
|
| 作者: | 奥托·李瓦尔特 编著 | |
| 分册: | ||
| 出版信息: | 合肥 安徽科学技术出版社 1999 |
|
| 页数: | 224页 | |
| 开本: | 29cm | |
| 丛书名: | ||
| 单 册: | ||
| 中图分类: | TU243 | |
| 科图分类: | ||
| 主题词: | 民用建筑--建筑设计 | |
| 电子资源: | ||
| ISBN: | 7-5337-0392-8 | |
| 000 | 00638nam0 2200193 45 | |
| 001 | 0258262217 | |
| 005 | 2002040816110216 | |
| 010 | @a7-5337-0392-8@b精装@dRMB 180.00 | |
| 100 | @a20020408d1999 km y0chiy0120 ea | |
| 101 | 0 | @achi |
| 102 | @aCN@b340000 | |
| 200 | 1 | @a智能空间 信息时代的建筑@AZhi Neng Kong Jian Xin Xi Shi Dai De Jian Zhu@f(英)奥托·李瓦尔特编著@F(ying)ao tuo·li wa er te bian zhu |
| 210 | @a合肥@c安徽科学技术出版社@d1999 | |
| 215 | @a224页@d29cm | |
| 606 | 0 | @a民用建筑@x建筑设计 |
| 690 | @aTU243@v3 | |
| 701 | 0 | @a奥托·李瓦尔特@Aao tuo·li wa er te@4编著 |
| 801 | 0 | @aCN@bPFT@c20020408 |
| 905 | @a安徽大学@dTU243@eA762 | |
| 智能空间 信息时代的建筑/(英)奥托·李瓦尔特编著.-合肥:安徽科学技术出版社,1999 |
| 224页;29cm |
| ISBN 7-5337-0392-8(精装):RMB 180.00 |
| ● |
| 相关链接 |
|
|
|
正题名:智能空间 信息时代的建筑
索取号:TU243/A762
 
预约/预借
| 序号 | 登录号 | 条形码 | 馆藏地/架位号 | 状态 | 备注 |
| 1 | 357934 | 203579341 | 建筑库101/101建筑库 68排1列1层/ [索取号:TU243/A762] | 在馆 | |
| 2 | 357935 | 203579350 | 建筑库101/101建筑库 68排2列1层/ [索取号:TU243/A762] | 在馆 |